| 000 | 00422nam a2200145Ia 4500 | ||
|---|---|---|---|
| 005 | 20250423100537.0 | ||
| 008 | 250422s9999 xx 000 0 und d | ||
| 020 | _a9780721696973 | ||
| 050 | _aRD 763 .P63/ | ||
| 100 | _aHarnsberger, H. Ric | ||
| 245 | 0 | _aPocket radiologist : head and neck top 100 diagnosis | |
| 300 | _a305 p | ||
| 650 | _aHead and Neck--Radiography. Head and Neck--Diseases--Diagnosis. | ||
| 942 | _cBK | ||
| 999 |
_c33631 _d33631 |
||